[Event "HUN-chT2 Maroczy 1819"]
[Site "Hungary"]
[Date "2019.02.10"]
[Round "7.1"]
[White "Berebora, Ferenc"]
[Black "Furedi, Erik"]
[Result "1/2-1/2"]
[WhiteElo "2439"]
[BlackElo "2265"]
[PlyCount "119"]
[EventDate "2018.09.23"]
[EventType "team-tourn"]
[EventRounds "11"]
[EventCountry "HUN"]
[SourceTitle "EXT 2020"]
[Source "ChessBase"]
[SourceDate "2019.10.17"]
[SourceVersion "1"]
[SourceVersionDate "2019.10.17"]
[SourceQuality "1"]
[WhiteTeam "Kisujszallas"]
[BlackTeam "Budapest Vasas"]
[WhiteTeamCountry "HUN"]
[BlackTeamCountry "HUN"]

1. d4 f5 2. Nf3 Nf6 3. g3 e6 4. Bg2 d5 5. 0-0 Bd6 6. b3 0-0 7. c4 c6 8. Ba3 Bxa3 9. Nxa3 Nbd7 10. Nc2 a5 11. Nce1 b6 12. Nd3 Bb7 13. Rc1 Rc8 14. cxd5 exd5 15. Nfe5 Qe7 16. e3 Qd6 17. Qc2 Ba6 18. Rfd1 Bxd3 19. Nxd3 Ne4 20. Qb2 b5 21. f3 Ng5 22. Ne5 b4 23. h4 Ne6 24. f4 Nf6 25. Qe2 c5 26. dxc5 Rxc5 27. Rxc5 Qxc5 28. Qd3 Nc7 29. Rd2 Ne4 30. Rc2 Qa7 31. Nc6 Qb6 32. Bxe4 fxe4 33. Qd4 Qxd4 34. Nxd4 Ne8 35. Kf2 Nf6 36. Nc6 Ra8 37. Rc5 a4 38. Nxb4 axb3 39. axb3 Rb8 40. Nxd5 Ng4+ 41. Ke2 Rxb3 42. Nc3 Rb2+ 43. Ke1 Nxe3 44. Nxe4 h6 45. Nd2 Ra2 46. Ke2 Ng4 47. Rc3 Nf6 48. Kd3 Ra5 49. Rb3 g5 50. Ne4 Nxe4 51. Kxe4 gxf4 52. gxf4 Rh5 53. f5 Rxh4+ 54. Ke5 Ra4 55. Rb8+ Kf7 56. Rb7+ Kf8 57. f6 Ra1 58. Kf5 Rf1+ 59. Kg6 Rg1+ 60. Kxh6 1/2-1/2

[Event "HUN-chT2 Maroczy 1819"]
[Site "Hungary"]
[Date "2018.12.02"]
[Round "5.1"]
[White "Turzo, Attila"]
[Black "Furedi, Erik"]
[Result "1-0"]
[WhiteElo "2291"]
[BlackElo "2265"]
[PlyCount "93"]
[EventDate "2018.09.23"]
[EventType "team-tourn"]
[EventRounds "11"]
[EventCountry "HUN"]
[SourceTitle "EXT 2020"]
[Source "ChessBase"]
[SourceDate "2019.10.17"]
[SourceVersion "1"]
[SourceVersionDate "2019.10.17"]
[SourceQuality "1"]
[WhiteTeam "Kobanya Aquarena II"]
[BlackTeam "Budapest Vasas"]
[WhiteTeamCountry "HUN"]
[BlackTeamCountry "HUN"]

1. d4 f5 2. Nf3 Nf6 3. g3 g6 4. Bg2 Bg7 5. 0-0 0-0 6. b3 d6 7. Bb2 c6 8. c4 Qe8 9. Qc2 Nbd7 10. Nbd2 e5 11. dxe5 dxe5 12. e4 f4 13. c5 Qe7 14. b4 Ne8 15. Nc4 g5 16. Bh3 Rf6 17. Bxd7 Bxd7 18. Bxe5 Rh6 19. Bxg7 Nxg7 20. Nd6 g4 21. Nh4 f3 22. Nhf5 Nxf5 23. exf5 b5 24. Qb3+ Kf8 25. Rae1 Qg7 26. Re4 Rf6 27. Rfe1 h5 28. Re7 Qxe7 29. Rxe7 Kxe7 30. Qe3+ Be6 31. Qe5 Rg8 32. fxe6 Rxe6 33. Nf5+ Kd7 34. Qc3 Rge8 35. Ne3 Kc7 36. h3 Rg8 37. hxg4 hxg4 38. Qd4 Reg6 39. Qf4+ Kb7 40. Qf7+ Ka8 41. Nf5 Rg5 42. Qd7 Rh8 43. Qxc6+ Kb8 44. Qd6+ Kc8 45. Ne7+ Kb7 46. Qd7+ Ka8 47. Nc6 1-0

[Event "HUN-chT2 Maroczy 1819"]
[Site "Hungary"]
[Date "2018.10.07"]
[Round "2.1"]
[White "Furedi, Erik"]
[Black "Vegh, Endre"]
[Result "1-0"]
[WhiteElo "2265"]
[BlackElo "2272"]
[PlyCount "37"]
[EventDate "2018.09.23"]
[EventType "team-tourn"]
[EventRounds "11"]
[EventCountry "HUN"]
[SourceTitle "EXT 2020"]
[Source "ChessBase"]
[SourceDate "2019.10.17"]
[SourceVersion "1"]
[SourceVersionDate "2019.10.17"]
[SourceQuality "1"]
[WhiteTeam "Budapest Vasas"]
[BlackTeam "Dunaharaszti II"]
[WhiteTeamCountry "HUN"]
[BlackTeamCountry "HUN"]

1. e4 c5 2. Nf3 d6 3. d4 cxd4 4. Nxd4 Nf6 5. Nc3 a6 6. Bg5 Nbd7 7. Bc4 e6 8. Qe2 b5 9. Bxe6 fxe6 10. Nxe6 Qa5 11. 0-0 Ne5 12. Bxf6 gxf6 13. Nd4 Bg7 14. Qh5+ Kf8 15. Kh1 Bg4 16. Qh4 Qb4 17. f4 Qxd4 18. fxe5 f5 19. Qxg4 1-0

[Event "Budapest FS07 IM"]
[Site "Budapest"]
[Date "2018.07.14"]
[Round "7"]
[White "Furedi, Erik"]
[Black "Manush, Shah"]
[Result "1/2-1/2"]
[WhiteElo "2277"]
[BlackElo "2275"]
[PlyCount "68"]
[EventDate "2018.07.07"]
[EventType "tourn"]
[EventRounds "9"]
[EventCountry "HUN"]
[EventCategory "1"]
[SourceTitle "CBM 185 Extra"]
[Source "ChessBase"]
[SourceDate "2018.07.29"]
[SourceVersion "1"]
[SourceVersionDate "2018.07.29"]
[SourceQuality "1"]

1. e4 c6 2. d4 d5 3. Nc3 dxe4 4. Nxe4 Bf5 5. Ng3 Bg6 6. Nh3 Nf6 7. Nf4 e5 8. dxe5 Qa5+ 9. c3 Qxe5+ 10. Qe2 Nbd7 11. Nxg6 hxg6 12. Bf4 Qxe2+ 13. Bxe2 Nd5 14. Bd2 0-0-0 15. 0-0-0 Nc5 16. c4 Nf6 17. Kc2 Ne6 18. Be3 Bc5 19. Bxc5 Nxc5 20. h3 Nce4 21. Nxe4 Nxe4 22. Rhf1 Rxd1 23. Rxd1 Rd8 24. f4 Rxd1 25. Bxd1 Kd7 26. Bf3 Nc5 27. Kd2 a5 28. b3 Kd6 29. Kc3 Ne6 30. g3 Nc5 31. a3 b6 32. b4 axb4+ 33. axb4 Ne6 34. Kd3 Nc7 1/2-1/2

[Event "Budapest-chT1 Lilienthal 1718"]
[Site "Budapest"]
[Date "2018.04.15"]
[Round "13"]
[White "Furedi, Erik"]
[Black "Mihok, Oliver"]
[Result "1/2-1/2"]
[WhiteElo "2318"]
[BlackElo "2535"]
[PlyCount "100"]
[EventDate "2017.10.01"]
[EventType "team-tourn"]
[EventRounds "13"]
[EventCountry "HUN"]
[SourceTitle "EXT 2021"]
[Source "ChessBase"]
[SourceDate "2020.10.23"]
[SourceVersion "1"]
[SourceVersionDate "2020.10.23"]
[SourceQuality "1"]
[WhiteTeam "Budapest Vasas II"]
[BlackTeam "Mattolda"]
[WhiteTeamCountry "HUN"]
[BlackTeamCountry "HUN"]

1. e4 c5 2. Nf3 e6 3. d4 cxd4 4. Nxd4 Nc6 5. Nb5 d6 6. c4 Nf6 7. N1c3 a6 8. Nd4 Bd7 9. h3 Rc8 10. Nb3 Ne5 11. Qd4 Qc7 12. Bg5 Nxc4 13. Bxf6 gxf6 14. Qxf6 Rg8 15. Bxc4 Qxc4 16. Qf3 Bg7 17. Rc1 Be5 18. g3 Qb4 19. 0-0 a5 20. Rc2 Bc6 21. Rfc1 Ra8 22. Nd2 Ke7 23. Kh2 Rg6 24. a3 Qd4 25. Qe2 Qa7 26. Nc4 Bd4 27. Nd5+ exd5 28. exd5+ Kf8 29. dxc6 bxc6 30. Ne3 Bxe3 31. fxe3 c5 32. Qf3 Re8 33. Rc4 Qb8 34. b4 axb4 35. axb4 cxb4 36. Rc7 Rg7 37. Qc6 Qd8 38. Rc8 Qxc8 39. Qxc8 Rxc8 40. Rxc8+ Ke7 41. Rb8 Rg5 42. Rxb4 Re5 43. Rb3 h5 44. h4 Ke6 45. Kg2 Kd5 46. Kf3 Rf5+ 47. Ke2 Ke5 48. Rb4 Ke6 49. Ra4 Rb5 50. Rc4 Ra5 1/2-1/2

[Event "HUN-chT2 Maroczy 1718"]
[Site "Hungary"]
[Date "2018.03.25"]
[Round "8.1"]
[White "Furedi, Erik"]
[Black "Ilincic, Zlatko"]
[Result "1/2-1/2"]
[WhiteElo "2276"]
[BlackElo "2461"]
[PlyCount "112"]
[EventDate "2017.10.29"]
[EventType "team-tourn"]
[EventRounds "9"]
[EventCountry "HUN"]
[SourceTitle "EXT 2021"]
[Source "ChessBase"]
[SourceDate "2020.10.23"]
[SourceVersion "1"]
[SourceVersionDate "2020.10.23"]
[SourceQuality "1"]
[WhiteTeam "Budapest Vasas"]
[BlackTeam "Toth Laszlo"]
[WhiteTeamCountry "HUN"]
[BlackTeamCountry "HUN"]

1. e4 c5 2. Nf3 d6 3. d4 cxd4 4. Nxd4 Nf6 5. Nc3 a6 6. Bg5 e6 7. f4 Qb6 8. Nb3 Qe3+ 9. Qe2 Qxe2+ 10. Bxe2 Nbd7 11. Bf3 Be7 12. a4 h6 13. Bxf6 Bxf6 14. Nd2 g5 15. g3 Ke7 16. Nc4 Bxc3+ 17. bxc3 Nc5 18. a5 Bd7 19. Nb6 Rad8 20. Kf2 Bc6 21. Rhe1 g4 22. Bg2 h5 23. Rad1 h4 24. Nd5+ Kd7 25. Nf6+ Ke7 26. Nxg4 Rdg8 27. h3 Bxe4 28. Bxe4 Nxe4+ 29. Rxe4 f5 30. Rb4 fxg4 31. Rxb7+ Kf6 32. hxg4 Rxg4 33. gxh4 Rxf4+ 34. Ke3 Rf5 35. Rxd6 Rxa5 36. Rd4 Re5+ 37. Kd3 a5 38. Ra7 Rc8 39. c4 Rf5 40. Ra6 Rf3+ 41. Kd2 Rc5 42. Re4 Re5 43. Rxe5 Kxe5 44. Rxa5+ Kd4 45. Ra4 Rf2+ 46. Kd1 Rh2 47. Rb4 Kc3 48. Rb6 Kxc4 49. Rxe6 Rxh4 50. Rc6+ Kb4 51. Kc1 Rh1+ 52. Kb2 Rh2 53. Rd6 Rh4 54. c3+ Kc4 55. Rd4+ Rxd4 56. cxd4 Kxd4 1/2-1/2

[Event "Budapest-chT1 Lilienthal 1718"]
[Site "Budapest"]
[Date "2018.02.11"]
[Round "9"]
[White "Furedi, Erik"]
[Black "Kaczur, Florian"]
[Result "0-1"]
[WhiteElo "2318"]
[BlackElo "2459"]
[PlyCount "76"]
[EventDate "2017.10.01"]
[EventType "team-tourn"]
[EventRounds "13"]
[EventCountry "HUN"]
[SourceTitle "EXT 2021"]
[Source "ChessBase"]
[SourceDate "2020.10.23"]
[SourceVersion "1"]
[SourceVersionDate "2020.10.23"]
[SourceQuality "1"]
[WhiteTeam "Budapest Vasas II"]
[BlackTeam "Barcza GSC"]
[WhiteTeamCountry "HUN"]
[BlackTeamCountry "HUN"]

1. e4 e5 2. Nf3 Nc6 3. Bc4 Nf6 4. d3 Be7 5. Nc3 0-0 6. h3 d6 7. Be3 Na5 8. 0-0 c6 9. Bb3 h6 10. Qd2 Qc7 11. Rfe1 Kh7 12. Rad1 Nxb3 13. axb3 b5 14. b4 Be6 15. d4 a5 16. bxa5 Rxa5 17. b4 Ra3 18. Nh2 Rfa8 19. f4 Rxc3 20. Qxc3 Nxe4 21. Qd3 f5 22. Bc1 Bc4 23. Qf3 exd4 24. Rxd4 d5 25. c3 Bh4 26. Red1 Ra2 27. Bd2 Bb3 28. Be3 Bxd1 29. Rxd1 Nxc3 30. Rd2 Rxd2 31. Bxd2 Qa7+ 32. Be3 d4 33. Bd2 Ne4 34. Nf1 Qa2 35. Qd3 Qc4 36. Qb1 Qe2 37. Qc1 Bf2+ 38. Kh2 d3 0-1

[Event "HUN-chT2 Maroczy 1516"]
[Site "Hungary"]
[Date "2016.03.20"]
[Round "7.10"]
[White "Albert, Kornelia"]
[Black "Furedi, Erik"]
[Result "1-0"]
[WhiteElo "2073"]
[BlackElo "2189"]
[PlyCount "63"]
[EventDate "2015.10.18"]
[EventType "team-tourn"]
[EventRounds "9"]
[EventCountry "HUN"]
[SourceTitle "EXT 2017"]
[Source "ChessBase"]
[SourceDate "2016.10.25"]
[SourceVersion "1"]
[SourceVersionDate "2016.10.25"]
[SourceQuality "1"]
[WhiteTeam "MLTC"]
[BlackTeam "Vasas"]
[WhiteTeamCountry "HUN"]
[BlackTeamCountry "HUN"]

1. e4 e5 2. Nf3 Nc6 3. Bb5 Nf6 4. 0-0 Be7 5. Re1 d6 6. c3 0-0 7. h3 Bd7 8. d4 Nxd4 9. Nxd4 c6 10. Bd3 exd4 11. cxd4 Qb6 12. Bc2 Ne8 13. Nc3 Nc7 14. Rb1 Nb5 15. Nxb5 Qxb5 16. Bd3 Qa5 17. a3 b5 18. Bf4 Qd8 19. Qh5 g6 20. Qe2 a6 21. e5 d5 22. Rbc1 Qb6 23. Qe3 Qb7 24. Bg5 Rfe8 25. Bxe7 Rxe7 26. Qg5 Rae8 27. f4 Qb6 28. Rc5 Qd8 29. Rcc1 f5 30. exf6 Rxe1+ 31. Kf2 Rxc1 32. Bxg6 1-0

[Event "Budapest Art Pub Cup 8th"]
[Site "Budapest"]
[Date "2015.07.10"]
[Round "3"]
[White "Furedi, Erik"]
[Black "Pasztorcsik, Janos"]
[Result "0-1"]
[WhiteElo "2150"]
[BlackElo "2011"]
[PlyCount "158"]
[EventDate "2015.07.09"]
[EventType "swiss"]
[EventRounds "7"]
[EventCountry "HUN"]
[SourceTitle "CBM 167 Extra"]
[Source "ChessBase"]
[SourceDate "2015.09.14"]
[SourceVersion "1"]
[SourceVersionDate "2015.09.14"]
[SourceQuality "1"]

1. e4 c5 2. Nf3 Nc6 3. d4 cxd4 4. Nxd4 e5 5. Nb5 d6 6. c4 Be6 7. N1c3 a6 8. Na3 Rc8 9. Be3 Nf6 10. Be2 Be7 11. 0-0 0-0 12. f3 Ne8 13. Nd5 Bg5 14. Bb6 Qd7 15. Bf2 Bxd5 16. cxd5 Nb8 17. Nc4 Bd8 18. Qb3 b5 19. Nb6 Bxb6 20. Bxb6 f5 21. exf5 Qxf5 22. Bd3 Qf4 23. a4 Nd7 24. Bf2 Nc5 25. Qc2 Nf6 26. axb5 axb5 27. Bxb5 Nce4 28. Bc6 Nxf2 29. Qxf2 Rb8 30. Ra4 Rb4 31. g3 Qc4 32. Rxb4 Qxb4 33. Qc2 Qd4+ 34. Qf2 Qb4 35. Qc2 Qd4+ 36. Kh1 Rb8 37. Qf5 Qc5 38. Rb1 Rxb2 39. Qc8+ Kf7 40. Ra1 Kg6 41. Qe6 h5 42. Be8+ Kh6 43. Bxh5 Kxh5 44. Qf5+ Kh6 45. g4 Qe3 46. h4 Qf4 47. g5+ Kh5 48. Qxf4 exf4 49. gxf6 gxf6 50. Ra4 Kxh4 51. Rxf4+ Kg3 52. Rg4+ Kxf3 53. Rg6 Ke4 54. Rxf6 Kxd5 55. Kg1 Re2 56. Kf1 Re8 57. Rf4 Re4 58. Rf8 Kd4 59. Ra8 d5 60. Ra4+ Ke3 61. Ra3+ Kd2 62. Ra2+ Kc3 63. Ra8 d4 64. Rc8+ Kd2 65. Kf2 Re7 66. Rd8 Rf7+ 67. Kg3 d3 68. Kg2 Ke2 69. Re8+ Kd1 70. Rd8 d2 71. Rc8 Re7 72. Kf2 Rf7+ 73. Kg2 Rf5 74. Rc7 Ke2 75. Re7+ Kd3 76. Rd7+ Ke3 77. Rd8 Rf4 78. Rd7 Rd4 79. Re7+ Kd3 0-1

[Event "Budapest Art Pub Cup 8th"]
[Site "Budapest"]
[Date "2015.07.09"]
[Round "1"]
[White "Furedi, Erik"]
[Black "Szegedi, Zoltan"]
[Result "1-0"]
[WhiteElo "2150"]
[BlackElo "1813"]
[PlyCount "119"]
[EventDate "2015.07.09"]
[EventType "swiss"]
[EventRounds "7"]
[EventCountry "HUN"]
[SourceTitle "CBM 167 Extra"]
[Source "ChessBase"]
[SourceDate "2015.09.14"]
[SourceVersion "1"]
[SourceVersionDate "2015.09.14"]
[SourceQuality "1"]

1. e4 c5 2. Nf3 d6 3. d4 cxd4 4. Nxd4 Nf6 5. Nc3 e6 6. Be2 Be7 7. Be3 a6 8. Qd2 0-0 9. 0-0 Qc7 10. Rad1 b5 11. a3 Bb7 12. f3 d5 13. exd5 Nxd5 14. Nxd5 Bxd5 15. Nf5 Bc5 16. Nxg7 Kxg7 17. Qc3+ f6 18. Bxc5 Rc8 19. Bd4 Qxc3 20. Bxc3 Nd7 21. f4 Nb6 22. f5 e5 23. Ba5 Bc4 24. Bxc4 Nxc4 25. Rd7+ Kg8 26. Bc3 Rd8 27. Rb7 Rab8 28. Rxb8 Rxb8 29. Rd1 Ne3 30. Rd6 Kg7 31. Rxa6 Nxf5 32. Kf2 Nd4 33. Bxd4 exd4 34. Ke2 b4 35. axb4 Rxb4 36. b3 Rb5 37. Rd6 Rg5 38. g3 Rh5 39. h4 Re5+ 40. Kd2 Re3 41. Rxd4 Rxg3 42. b4 Rg2+ 43. Kd3 f5 44. b5 Kf6 45. b6 Rg7 46. Rb4 Rb7 47. c4 Ke5 48. c5 Kd5 49. Rc4 Kc6 50. Ke3 Rg7 51. Rc1 Rf7 52. Kf4 h6 53. Rb1 Rf8 54. b7 Rb8 55. Kxf5 Kxc5 56. Kg6 Kd6 57. Kxh6 Ke6 58. Kg6 Rg8+ 59. Kh7 Rb8 60. Kg7 1-0

[Event "Budapest FS05 IM"]
[Site "Budapest"]
[Date "2015.05.12"]
[Round "10"]
[White "Radlovacki, Jovan"]
[Black "Furedi, Erik"]
[Result "1-0"]
[WhiteElo "2381"]
[BlackElo "2241"]
[PlyCount "59"]
[EventDate "2015.05.02"]
[EventType "tourn"]
[EventRounds "10"]
[EventCountry "HUN"]
[EventCategory "2"]
[SourceTitle "CBM 166 Extra"]
[Source "ChessBase"]
[SourceDate "2015.06.18"]
[SourceVersion "1"]
[SourceVersionDate "2015.06.18"]
[SourceQuality "1"]

1. d4 f5 2. Bg5 g6 3. e3 Bg7 4. Nd2 Nf6 5. Nh3 d6 6. c3 e5 7. dxe5 dxe5 8. Nf3 Qe7 9. Bc4 c6 10. 0-0 Nbd7 11. Nh4 Nb6 12. Bb3 Be6 13. Kh1 0-0 14. g4 fxg4 15. Qxg4 Bxb3 16. axb3 Qf7 17. Bxf6 Bxf6 18. Rg1 Rad8 19. Rg3 Qd7 20. Rxa7 Bxh4 21. Qxh4 Qd1+ 22. Kg2 Rf7 23. Ra1 Qd2 24. Kh1 Rdd7 25. Rag1 Qd5+ 26. R3g2 Nc8 27. Ng5 Rg7 28. c4 Qd3 29. Ne6 Rgf7 30. Nc5 1-0

[Event "Budapest FS05 IM"]
[Site "Budapest"]
[Date "2015.05.08"]
[Round "6"]
[White "Szalanczy, Emil"]
[Black "Furedi, Erik"]
[Result "1-0"]
[WhiteElo "2267"]
[BlackElo "2241"]
[PlyCount "59"]
[EventDate "2015.05.02"]
[EventType "tourn"]
[EventRounds "10"]
[EventCountry "HUN"]
[EventCategory "2"]
[SourceTitle "CBM 166 Extra"]
[Source "ChessBase"]
[SourceDate "2015.06.18"]
[SourceVersion "1"]
[SourceVersionDate "2015.06.18"]
[SourceQuality "1"]

1. e4 e5 2. Nf3 Nc6 3. Bb5 a6 4. Ba4 Nf6 5. 0-0 Nxe4 6. d4 Be7 7. dxe5 Nc5 8. Nc3 Nxa4 9. Nxa4 0-0 10. Bf4 f6 11. Bg3 fxe5 12. Nxe5 Nxe5 13. Bxe5 d6 14. Bd4 Bf5 15. c4 Bf6 16. Nc3 c6 17. Re1 b5 18. b3 Qd7 19. Bxf6 Rxf6 20. Nd5 Rff8 21. Nb6 Qc7 22. Nxa8 Rxa8 23. Qd4 Rd8 24. Re3 Bg6 25. Rae1 Rd7 26. h4 h6 27. Qg4 Kh7 28. h5 Bf7 29. Qf5+ g6 30. Qf6 1-0

[Event "Budapest FS10 FM-A"]
[Site "Budapest"]
[Date "2014.10.09"]
[Round "6"]
[White "Chekletsov, Egor"]
[Black "Furedi, Erik"]
[Result "0-1"]
[WhiteElo "1905"]
[BlackElo "2124"]
[PlyCount "84"]
[EventDate "2014.10.04"]
[EventType "tourn"]
[EventRounds "9"]
[EventCountry "HUN"]
[SourceTitle "CBM 162 Extra"]
[Source "ChessBase"]
[SourceDate "2014.10.17"]
[SourceVersion "1"]
[SourceVersionDate "2014.10.17"]
[SourceQuality "1"]

1. d4 d5 2. c4 e6 3. Nc3 Be7 4. Nf3 Nf6 5. Bg5 0-0 6. e3 h6 7. Bh4 b6 8. Bd3 Bb7 9. cxd5 Nxd5 10. Bxe7 Qxe7 11. Nxd5 exd5 12. 0-0 Nd7 13. Rc1 c5 14. dxc5 bxc5 15. Qe2 Nb6 16. Ba6 Bxa6 17. Qxa6 f5 18. a4 Rf6 19. Qb5 Rc8 20. b3 f4 21. a5 Na8 22. Rfe1 a6 23. Qd3 Qd6 24. exf4 Rxf4 25. Rcd1 Nc7 26. Ne5 Rd4 27. Qh3 Re8 28. Rxd4 cxd4 29. Qf5 Re7 30. f4 Qc5 31. Qd3 Qc3 32. Rd1 Nb5 33. Qf5 Nd6 34. Qd3 Nb5 35. Qf5 Qe3+ 36. Kh1 Nd6 37. Qd3 Ne4 38. Qxe3 dxe3 39. Rxd5 e2 40. Nf3 Rc7 41. h3 Rc3 42. Ne1 Rc1 0-1

[Event "Budapest FS10 FM-A"]
[Site "Budapest"]
[Date "2014.10.05"]
[Round "2"]
[White "Furedi, Erik"]
[Black "Mester, Attila"]
[Result "1-0"]
[WhiteElo "2124"]
[BlackElo "1996"]
[PlyCount "73"]
[EventDate "2014.10.04"]
[EventType "tourn"]
[EventRounds "9"]
[EventCountry "HUN"]
[SourceTitle "CBM 162 Extra"]
[Source "ChessBase"]
[SourceDate "2014.10.17"]
[SourceVersion "1"]
[SourceVersionDate "2014.10.17"]
[SourceQuality "1"]

1. e4 c5 2. Nf3 d6 3. d4 cxd4 4. Nxd4 Nf6 5. Nc3 Nc6 6. Be2 e5 7. Nb3 Be7 8. Be3 0-0 9. f3 a5 10. Nd5 a4 11. Nd2 Nxd5 12. exd5 Nb8 13. c4 f5 14. Qc2 Nd7 15. Bd3 Nc5 16. Bxc5 dxc5 17. a3 Bd6 18. 0-0-0 Bd7 19. g4 g6 20. h4 Kg7 21. h5 Qg5 22. gxf5 Bxf5 23. Rdg1 Qf4 24. Bxf5 Qxf5 25. Qxf5 Rxf5 26. Ne4 Rd8 27. hxg6 hxg6 28. Rg3 Bf8 29. Rhg1 Kf7 30. Rxg6 Rxf3 31. Rb6 Rf4 32. Rxb7+ Ke8 33. Rg4 Rd7 34. Rxf4 Rxb7 35. Rf5 Rg7 36. Rxe5+ Kd7 37. Nf6+ 1-0

[Event "Budapest FS05 FM-A"]
[Site "Budapest"]
[Date "2014.05.11"]
[Round "9"]
[White "Furedi, Erik"]
[Black "Bohman, Leif"]
[Result "1-0"]
[WhiteElo "2020"]
[BlackElo "1879"]
[PlyCount "71"]
[EventDate "2014.05.03"]
[EventType "tourn"]
[EventRounds "11"]
[EventCountry "HUN"]
[SourceTitle "CBM 160 Extra"]
[Source "ChessBase"]
[SourceDate "2014.07.01"]
[SourceVersion "1"]
[SourceVersionDate "2014.07.01"]
[SourceQuality "1"]

1. e4 e6 2. d4 d5 3. Nc3 Nf6 4. Bg5 Be7 5. Bxf6 Bxf6 6. Nf3 0-0 7. Bd3 b6 8. e5 Be7 9. Ne2 Ba6 10. 0-0 Bxd3 11. Qxd3 c5 12. c3 Nd7 13. Nd2 f6 14. Nf4 Qc8 15. Nxe6 Rf7 16. exf6 Nxf6 17. Ng5 Rf8 18. f4 h6 19. Rae1 Re8 20. Ne6 Bd6 21. f5 Qd7 22. Nf3 c4 23. Qe3 Ne4 24. Ne5 Bxe5 25. dxe5 Rxe6 26. fxe6 Qxe6 27. Qd4 Nc5 28. Re3 Re8 29. Rd1 Rd8 30. b3 cxb3 31. c4 bxa2 32. Ra3 a5 33. cxd5 Qf5 34. Rxa2 Qd7 35. Rb2 Rf8 36. Rxb6 1-0

[Event "Budapest FS05 FM-A"]
[Site "Budapest"]
[Date "2014.05.10"]
[Round "8"]
[White "Kis, Bela"]
[Black "Furedi, Erik"]
[Result "0-1"]
[WhiteElo "2046"]
[BlackElo "2020"]
[PlyCount "84"]
[EventDate "2014.05.03"]
[EventType "tourn"]
[EventRounds "11"]
[EventCountry "HUN"]
[SourceTitle "CBM 160 Extra"]
[Source "ChessBase"]
[SourceDate "2014.07.01"]
[SourceVersion "1"]
[SourceVersionDate "2014.07.01"]
[SourceQuality "1"]

1. d4 d5 2. c4 e6 3. Nc3 Be7 4. Bf4 Nf6 5. Nf3 0-0 6. e3 a6 7. cxd5 exd5 8. Bd3 b6 9. h3 Bb7 10. Rc1 Nbd7 11. 0-0 c5 12. Bb1 Rc8 13. Re1 Re8 14. Ne5 c4 15. f3 b5 16. g4 b4 17. Ne2 Nxe5 18. Bxe5 Bd6 19. f4 a5 20. Ng3 Bc6 21. g5 Bxe5 22. dxe5 Nd7 23. Nf5 Rf8 24. Qh5 Re8 25. Nxg7 Nf8 26. Nf5 Re6 27. Nh6+ Rxh6 28. Qxh6 d4 29. Bf5 d3 30. Rxc4 Qd5 31. Re4 d2 32. Rd1 Bd7 33. Rd4 Qf3 34. R4xd2 Bxf5 35. Qh4 Qxe3+ 36. Qf2 Qxh3 37. Qg2 Qe3+ 38. Qf2 Qe4 39. Qd4 Qb7 40. Qd5 Qa7+ 41. Qd4 Qa6 42. Qd6 Qc4 0-1

[Event "Budapest FS05 FM-A"]
[Site "Budapest"]
[Date "2014.05.06"]
[Round "4"]
[White "Bartha, Sandor"]
[Black "Furedi, Erik"]
[Result "0-1"]
[WhiteElo "2067"]
[BlackElo "2020"]
[PlyCount "78"]
[EventDate "2014.05.03"]
[EventType "tourn"]
[EventRounds "11"]
[EventCountry "HUN"]
[SourceTitle "CBM 160 Extra"]
[Source "ChessBase"]
[SourceDate "2014.07.01"]
[SourceVersion "1"]
[SourceVersionDate "2014.07.01"]
[SourceQuality "1"]

1. d4 d5 2. Nf3 Nf6 3. e3 e6 4. c4 Be7 5. Nc3 0-0 6. Qc2 b6 7. cxd5 exd5 8. Be2 Bb7 9. 0-0 Nbd7 10. Bd3 Re8 11. Ne5 Bd6 12. f4 c5 13. Qe2 a6 14. g4 Ne4 15. Bxe4 dxe4 16. Rd1 Bxe5 17. dxe5 Qc7 18. b3 b5 19. Bb2 Nb6 20. Qc2 Rad8 21. Rxd8 Rxd8 22. Rd1 Rd7 23. Kf2 Qd8 24. Rxd7 Qh4+ 25. Kf1 Nxd7 26. Qg2 Qh6 27. Ne2 Nb6 28. Ng3 Nd5 29. Nf5 Qg6 30. Kf2 Kh8 31. Nd6 Nxf4 32. Qg3 Nd3+ 33. Ke2 Bd5 34. Ba1 Be6 35. h3 h6 36. Kd2 Bd5 37. Nf5 Qb6 38. Kc2 Qa5 39. Kb1 Qa3 0-1